| 000 | 00404nam a2200157 4500 | ||
|---|---|---|---|
| 999 |
_c510787 _d510787 |
||
| 008 | 190830b ||||| |||| 00| 0 eng d | ||
| 100 |
_aGandhi, Gopalkrishna _99325 |
||
| 245 | _aCustodians of the republic | ||
| 260 | _c2019 | ||
| 300 | _ap.64-67. | ||
| 650 |
_aBanks - India _99326 |
||
| 650 |
_aGovernor - India _99327 |
||
| 773 | _aSeminar | ||
| 906 | _aReserve Bank of India | ||
| 942 |
_2ddc _cAR |
||